00353nam a22001337a 4500003000400000008004100004020001800045082001200063100002200075245003600097260005300133300001100186650002200197OSt240829b |||||||| |||| 00| 0 eng d a9789355010513 a320 KAP aKAPUR, Anup Chand aPrinciples of Political Science aNew Delhi,bS. Chand and Company Limited,c2022, a832 p. aPolitical Science